ბათუმის შოთა რუსთაველის სახელმწიფო უნივერსიტეტის ბიბლიოთეკა

გზამკვლევი : (ბიბ.ჩანაწერი № 46930)

000 -ლიდერი
ფიქსირებული სიგრძის საკონტროლო ველი 01487nam a2200241Ia 4500
001 - საკონტროლო ნომერი
საკონტროლო ველი 13783
003 - საკონტროლო ნომრის იდენტიფიკატორი
საკონტროლო ველი GE_BSU
005 - ბოლო ოპერაციის თარიღი და დრო
საკონტროლო ველი 20240909154143.0
008 - ფიქსირებული სიგრძის მონაცემთა ელემენტები - ზოგადი ინფორმაცია
ფიქსირებული სიგრძის საკონტროლო ველი 181216s2014||||ge |||||||||||||| ||geo||
020 ## - წიგნის საერთაშორისო სტანდარტული ნომერი
International Standard Book Number 9789941451614
040 ## - კატალოგიზაციის წყარო
Transcribing agency GE_BSU
041 ## - ენის კოდი
Language code of text/sound track or separate title geo
080 ## - უნივერსალური ათობითი კლასიფიკაციის ინდექსი
Universal Decimal Classification number 341.176.2 მ-70
100 ## - მთავარი ჩანაწერი - პიროვნების სახელი
Personal name მირზაშვილი, მიხეილ
9 (RLIN) 23194
245 ## - ცნობა სათაურის შესახებ
Title გზამკვლევი :
Remainder of title ასოცირების შესახებ შეთანხმება, ერთის მხრივ, ევროკავშირს და ევროპის ატომური ენერგიის გაერთიანებას და მათ წევრ სახელმწიფოებსა და მეორეს მხრივ,საქართველოს შორის /
Statement of responsibility, etc მიხეილ მირზაშვილი, ივანე ჩხიკვაძე ; რედ. ლევან ცუცქირიძე, ირაკლი ქობალია.
264 ## - წარმოების, გამოცემის, დისტრიბუციის და სხვა ცნობები
გამოცემის, წარმოების, დისტრიბუციის... ადგილი თბილისი :
გამოცემის, წარმოების, დისტრიბუციის... სახელწოდება საუნჯე,
გამოცემის, წარმოების, დისტრიბუციის... თარიღი 2014.
300 ## - ფიზიკური აღწერა
Extent 65 გვ. ;
Dimensions 21 სმ.
653 ## - INDEX TERM--UNCONTROLLED
Uncontrolled term გზამკვლევი
700 ## - ADDED ENTRY--PERSONAL NAME
Personal name ჩხიკვაძე, ივანე
Relator term ავტორი
9 (RLIN) 23195
700 ## - ADDED ENTRY--PERSONAL NAME
Personal name ცუცქირიძე, ლევან
Relator term რედაქტორი
9 (RLIN) 3736
700 ## - ADDED ENTRY--PERSONAL NAME
Personal name ქობალია, ირაკლი
Relator term რედაქტორი
9 (RLIN) 23196
942 ## - ADDED ENTRY ELEMENTS (KOHA)
Koha item type წიგნი
Source of classification or shelving scheme
ეგზემპლარები
ჩამოწერის სტატუსი დაკარგული ეგზემპლარის სტატუსი კლასიფიკაციის წყარო ან თაროზე გაწყობის სქემა დაზიანების სტატუსი არ გაიცემა მუდმივი მდებარეობა (დაცვის ადგილი) ამჟამინდელი ადგილსამყოფელი თაროზე განთავსების ადგილი შეძენის თარიღი სრული შენახვის შიფრი შტრიხკოდი ბოლო ოპერაციის თარიღი ეგზემპლარის მიმდევრობითი ნომერი (კეტერი?) ფასის ძალაში შესვლის თარიღი ეგზემპლარის სახეობა
          ბათუმის შოთა რუსთაველის სახელმწიფო უნივერსიტეტის მთავარი ბიბლიოთეკა ბათუმის შოთა რუსთაველის სახელმწიფო უნივერსიტეტის მთავარი ბიბლიოთეკა წიგნსაცავი 2018-12-17 341.176.2 მ-70 27257 2018-12-17 27257 2018-12-17 წიგნი
          ბათუმის შოთა რუსთაველის სახელმწიფო უნივერსიტეტის მთავარი ბიბლიოთეკა ბათუმის შოთა რუსთაველის სახელმწიფო უნივერსიტეტის მთავარი ბიბლიოთეკა წიგნსაცავი 2018-12-17 341.176.2 მ-70 27258 2018-12-17 27258 2018-12-17 წიგნი
          ბათუმის შოთა რუსთაველის სახელმწიფო უნივერსიტეტის მთავარი ბიბლიოთეკა ბათუმის შოთა რუსთაველის სახელმწიფო უნივერსიტეტის მთავარი ბიბლიოთეკა წიგნსაცავი 2018-12-17 341.176.2 მ-70 27259 2018-12-17 27259 2018-12-17 წიგნი
          ბათუმის შოთა რუსთაველის სახელმწიფო უნივერსიტეტის მთავარი ბიბლიოთეკა ბათუმის შოთა რუსთაველის სახელმწიფო უნივერსიტეტის მთავარი ბიბლიოთეკა წიგნსაცავი 2018-12-17 341.176.2 მ-70 27260 2018-12-17 27260 2018-12-17 წიგნი
          ბათუმის შოთა რუსთაველის სახელმწიფო უნივერსიტეტის მთავარი ბიბლიოთეკა ბათუმის შოთა რუსთაველის სახელმწიფო უნივერსიტეტის მთავარი ბიბლიოთეკა წიგნსაცავი 2018-12-17 341.176.2 მ-70 27261 2018-12-17 27261 2018-12-17 წიგნი